Constitución Política de Colombia 1982 : (Registro nro. 5876)

Detalles MARC
000 -LEADER
fixed length control field 01136nam a2200241Ia 4500
003 - CONTROL NUMBER IDENTIFIER
control field OSt
005 - DATE AND TIME OF LATEST TRANSACTION
control field 20200813124423.0
008 - FIXED-LENGTH DATA ELEMENTS--GENERAL INFORMATION
fixed length control field 191128s1980 ck grl f000 0 spa d
040 ## - CATALOGING SOURCE
Original cataloging agency CO-JMCR
Transcribing agency CO-JMCR
041 0# - LANGUAGE CODE
Language code of text/sound track or separate title spa
082 04 - DEWEY DECIMAL CLASSIFICATION NUMBER
Classification number 342.023 /
Item number C718c1
Edition number 23
110 1# - MAIN ENTRY--CORPORATE NAME
Corporate name or jurisdiction name as entry element Colombia.
9 (RLIN) 8040
240 10 - UNIFORM TITLE
Uniform title Leyes, decretos, etc.
245 10 - TITLE STATEMENT
Title Constitución Política de Colombia 1982 :
Remainder of title edición concordada anotada y actualizada con los textos de los actos legislativos de 1968, 1975 y 1977 dirigida por el Dr. Luis Carlos Giraldo Marín
260 ## - PUBLICATION, DISTRIBUTION, ETC.
Place of publication, distribution, etc. Bogotá :
Name of publisher, distributor, etc. Derecho Colombiano,
Date of publication, distribution, etc. 1980
300 ## - PHYSICAL DESCRIPTION
Extent 299 páginas ;
Dimensions 22 cm.
505 0# - FORMATTED CONTENTS NOTE
Formatted contents note De la nación y del territorio -- De los habitantes: nacionales y extranjeros -- De los derechos civiles y garantias sociales -- De la religión y de las relaciones entre la iglesia y el estado -- De las ramas del poder público y del servicio público
650 14 - SUBJECT ADDED ENTRY--TOPICAL TERM
Topical term or geographic name entry element Derechos humanos
General subdivision Leyes, decretos
9 (RLIN) 8162
650 14 - SUBJECT ADDED ENTRY--TOPICAL TERM
Topical term or geographic name entry element Reformas constitucionales
Geographic subdivision Colombia
9 (RLIN) 8119
651 #4 - SUBJECT ADDED ENTRY--GEOGRAPHIC NAME
Geographic name Colombia
General subdivision constitución
9 (RLIN) 8131
700 1# - ADDED ENTRY--PERSONAL NAME
Personal name Giraldo Marín, Luis Carlos,
Relator term director
9 (RLIN) 8163
942 ## - ADDED ENTRY ELEMENTS (KOHA)
Source of classification or shelving scheme Dewey Decimal Classification
Koha item type Books
Existencias
Withdrawn status Lost status Source of classification or shelving scheme Damaged status Not for loan Collection code Home library Current library Date acquired Source of acquisition Full call number Barcode Date last seen Copy number Koha item type
    Dewey Decimal Classification     Non-fiction Biblioteca Pública José María del Castillo y Rada Biblioteca Pública José María del Castillo y Rada 04/15/2018 Donación 342.023 / C718c1 430006456 05/16/2024 Ej.1 Books